000
00329nam a2200157Ia 4500
100
_a
Beyer/Hans/ Walter/W
650
_a
Chemistry
942
_c
BK
366
_f
20
654
_a
organic
245
_a
Organic Chemistry
260
_b
Abbion Publishers
_c
1997
082
_a
547/BEY
_b
BEY
300
_a
1037
546
_a
ENGLISH
999
_c
31744
_d
31744